The colours in geography: WHITE in Africa Quiz Stats

 Plays Quiz not verified by Sporcle

Support Sporcle.
Go Orange.
Score 0/14 Timer 05:00
0 Plays Today
Clues Answers % Correct
CITY in Morocco. Its name is a Spanish word combination meaning WHITE HOUSE.Casablanca
80%
SOVEREIGN COUNTRY. Its name is connected to an OFF-WHITE COLOR resembling the material of elephant tusks.Côte d'Ivoire
80%
RIVER. One of the two main tributaries of the Nile.White Nile
71.1%
COUNTRY CAPITAL CITY. Located at the confluence of the WHITE NILE and the Blue Nile.Khartoum
64.4%
LARGE CITY. Located in an area named by the first white settlers 'the Witwatersrand' (the ridge of WHITE WATERS).Johannesburg
42.2%
COUNTRY CAPITAL CITY. Prior to the civil war, it was known as the WHITE PEARL OF THE INDIAN OCEAN.Mogadishu
37.8%
COUNTRY CAPITAL CITY. Called 'El-Bahdja' (THE DAZZLING WHITE CITY) for the glistening white of its buildings as seen rising up from the sea.Algiers
31.1%
Clues Answers % Correct
COUNTRY sometimes referred to as the THIN WHITE LINE of colonial authority in Africa.Malawi
24.4%
SOVEREIGN COUNTRY. Its flag consists of a WHITE SALTIRE which divides the field into alternating red and green areas and has in the center a WHITE DISK with 3 red 6-pointed stars.Burundi
24.4%
RIVER. It drains into the Gulf of Guinea and has 3 main tributaries: the Black___, the Red___ and the WHITE___Volta
20%
CITY in Nigeria. Founded in 1913 near the cliffs of Iguocha (HILL OF THE WHITE MEN). Later renamed after the surname of the Secretary of State for the Colonies.Port Harcourt
17.8%
SOVEREIGN COUNTRY. Its flag has a red star on the TRIANGULAR WHITE FIELD on the left.Djibouti
15.6%
CITY in Mauritania. The largest one in the peninsula known as 'Cap Blanc' (WHITE CAPE).Nouadhibou
13.3%
LARGE CITY. Its Cathedral (Notre Dame des Apotres) is noted for its distinct burgundy and WHITE STRIPED TILED architecture.Cotonou
11.1%

You're not logged in!

Compare scores with friends on all Sporcle quizzes.
OR
Log In

From the Vault

Prime Ministers of Canada

by eyedar

If you struggle with this quiz, might we suggest that you Blame Canada.
Remove Ads.
Support Sporcle.
Get the best of Sporcle when you Go Orange. This ad-free experience offers more features, more stats, and more fun while also helping to support Sporcle. Thank you for becoming a member.

Show Comments

Extras

Top Quizzes Today


Score Distribution

Your Account Isn't Verified!

In order to create a playlist on Sporcle, you need to verify the email address you used during registration. Go to your Sporcle Settings to finish the process.

Report this User

Report this user for behavior that violates our Community Guidelines.

Details: